00473nam a2200205Ia 450000500170000000800460001702000180006303700100008104000080009104000080009904000080010704100080011504100080012308400080013124500270013926000310016626000090019765000120020685600490021820260306150623.0008 260114s9999 xx 000 0 eng d a9781400881284 aEbook aCRL beng cCRL 2eng aeng qCRL 0aDreams of Other Worlds bPrinceton University Press c2016 aPhysics uhttps://www.degruyter.com/isbn/9781400881284